000 00473cam a2200217ua 4500
020 _c130.00 (PB)
041 _aeng
_h
082 _a532.101
_bMOD/HY
100 _aModi, P N .
_9130
245 _aHadraulics and fliud mechanics
250 _a10 /
_b.
260 _a :
_bStandard Book House ,
_c1991.
300 _a1348 ; .
365 _a130.00
504 _a
700 1 _aSeth, S M .
_92071
942 _cBK
999 _c99
_d99
003 @
003 OSt